Statistics for Lover - Taylor Swift All Songs

Click here to take the quiz!

General Stats

  • This quiz has been taken 285 times
  • The average score is 15 of 18

Answer Stats

Track NumberAnswer% Correct
3Lover
99%
2Cruel Summer
93%
14You Need To Calm Down
89%
16ME!
87%
5The Archer
87%
4The Man
87%
18Daylight
84%
8Paper Rings
84%
9Cornelia Street
83%
1I Forgot That You Existed
83%
7Miss Americana & The Heartbreak Prince
83%
15Afterglow
81%
11London Boy
81%
10Death By A Thousand Cuts
79%
12Soon You'll Get Better
78%
17It's Nice To Have A Friend
75%
6I Think He Knows
73%
13False God
72%

Score Distribution

Percentile by Number Answered

Percent of People with Each Score

Your Score History

You have not taken this quiz